Normal view MARC view

Entry Personal Name

Number of records used in: 1

001 - CONTROL NUMBER

  • control field: 198968

003 - CONTROL NUMBER IDENTIFIER

  • control field: OSt

005 - DATE AND TIME OF LATEST TRANSACTION

  • control field: 20220924125829.0

008 - FIXED-LENGTH DATA ELEMENTS

  • fixed length control field: 220924|| aca||aabn | a|a d

040 ## - CATALOGING SOURCE

  • Original cataloging agency: OSt
  • Transcribing agency: OSt

100 ## - HEADING--PERSONAL NAME

  • Personal name: Tabrezi Sayed Ahmad Kasravi Au

670 ## - SOURCE DATA FOUND

  • Source citation: Work cat.: (OSt)423429: Tabrezi Sayed Ahmad Kasravi Au. , Az saz-e-min milal mutfiq chah natija towand bood, 2001
Copyright @ Delhi University Library System